[Event "26th EUR-ch"]
[Site "Katowice POL"]
[Date "2026.04.12"]
[Round "5.132"]
[White "Iordache, Alexia-Andreea"]
[Black "Mkrtchian, Mariam"]
[Result "0-1"]
[WhiteElo "2181"]
[BlackElo "2368"]
[EventDate "2026.04.07"]
[PlyCount "66"]

1.e4 c5 2.Nf3 a6 3.c4 Nc6 4.d4 cxd4 5.Nxd4 Nf6 6.Nc3 e5 7.Nf5 d5 8.exd5 
Bxf5 9.dxc6 Qxd1+ 10.Nxd1 bxc6 11.f3 Bb4+ 12.Bd2 a5 13.Ne3 Bg6 14.O-O-O 
Nd7 15.Nc2 Bxd2+ 16.Rxd2 Nc5 17.g3 Ke7 18.h4 Rhd8 19.Rhh2 Bxc2 20.Rxc2 f5 
21.Rc3 Kf6 22.h5 e4 23.fxe4 fxe4 24.Rf2+ Ke5 25.Be2 Rf8 26.Rxf8 Rxf8 27.
Ra3 a4 28.b4 axb3 29.axb3 Kd4 30.Ra7 Rf2 31.Kd1 Ke3 32.Ra2 Nd3 33.Rd2 Rh2 
0-1

[Event "26th EUR-ch"]
[Site "Katowice POL"]
[Date "2026.04.12"]
[Round "5.133"]
[White "Krzywda, Andrzej"]
[Black "Goroskov, Maksim"]
[Result "0-1"]
[WhiteElo "2172"]
[BlackElo "2364"]
[EventDate "2026.04.07"]
[PlyCount "110"]

1.e4 b6 2.d4 Bb7 3.Bd3 g6 4.Nf3 Bg7 5.O-O d6 6.Re1 Nd7 7.Nbd2 e5 8.c3 Ne7 
9.Nf1 O-O 10.Ng3 c5 11.Bc2 Rc8 12.d5 h6 13.c4 a6 14.a4 Rb8 15.h4 f5 16.
exf5 gxf5 17.Nh5 Qe8 18.Nh2 Nf6 19.Nxg7 Kxg7 20.f4 e4 21.g4 fxg4 22.Bxe4 
Qh5 23.Ra3 Rbe8 24.Rae3 Bc8 25.Bd2 Nf5 26.Bxf5 Bxf5 27.Rxe8 Rxe8 28.Bc3 
Kf7 29.Rxe8 Nxe8 30.Qe1 Bd7 31.Nf1 Qf5 32.Qe3 b5 33.axb5 axb5 34.b3 b4 35.
Bd2 Nf6 36.Ng3 Qb1+ 37.Kf2 Bf5 38.Nxf5 Qxf5 39.Qe6+ Qxe6 40.dxe6+ Kxe6 41.
f5+ Kxf5 42.Bxh6 d5 43.cxd5 Nxd5 44.Bf8 Nf6 45.h5 c4 46.bxc4 b3 47.Ba3 Kg5
48.Ke3 Nd7 49.Kd2 g3 50.Bd6 g2 51.Bh2 Ne5 52.h6 Kg6 53.Kc3 Nf3 54.h7 Kxh7 
55.c5 Nxh2 0-1

[Event "26th EUR-ch"]
[Site "Katowice POL"]
[Date "2026.04.12"]
[Round "5.134"]
[White "Gradalski, Olaf"]
[Black "Perossa, Nicolas"]
[Result "0-1"]
[WhiteElo "2167"]
[BlackElo "2362"]
[EventDate "2026.04.07"]
[PlyCount "154"]

1.d4 Nf6 2.c4 e6 3.Nf3 d5 4.Nc3 c6 5.e3 dxc4 6.Bxc4 b5 7.Bd3 Nbd7 8.O-O 
Bb7 9.a3 a5 10.Qc2 Rc8 11.Rd1 Qc7 12.e4 e5 13.Ne2 exd4 14.Bf4 Qb6 15.Nexd4
c5 16.Nxb5 c4 17.Bxc4 Qxb5 18.Bxb5 Rxc2 19.Ne5 Rxb2 20.Ba4 Bc5 21.Nxd7 
Nxd7 22.Rxd7 Bxf2+ 23.Kh1 O-O 24.Be5 Rb6 25.Bc7 Rg6 26.Rf1 Bc5 27.Bb3 Bxe4
28.Bd5 Bxd5 29.Rxd5 Bxa3 30.Rxa5 Be7 31.Ra7 Bf6 32.g3 Rg5 33.Rd1 Rf5 34.
Kg2 Re8 35.Rd2 h6 36.Bf4 Rc8 37.h4 Bxh4 38.Kf3 Bg5 39.Kg4 Bxf4 40.gxf4 g6 
41.Rd4 Kg7 42.Ra1 Rc3 43.Rf1 Rb3 44.Rd7 Rb6 45.Rc7 Rbf6 46.Ra7 h5+ 47.Kg3 
Rb5 48.Rf3 Rff5 49.Kh4 Rb4 50.Kg3 Rb1 51.Kg2 Rfb5 52.Rf2 R1b2 53.Rxb2 
Rxb2+ 54.Kg3 Rb3+ 55.Kg2 Kf6 56.Kf2 Ke6 57.f5+ Kxf5 58.Rxf7+ Kg4 59.Kg2 
Rb2+ 60.Kg1 Kg3 61.Rf1 g5 62.Kh1 g4 63.Rg1+ Kh4 64.Ra1 Kh3 65.Ra3+ g3 66.
Ra1 h4 67.Kg1 Rg2+ 68.Kh1 Rf2 69.Kg1 Rf4 70.Ra8 Rc4 71.Ra1 Kg4 72.Rb1 h3 
73.Kh1 Rf4 74.Kg1 Kh4 75.Kh1 Rf1+ 76.Rxf1 g2+ 77.Kg1 Kg3 0-1

[Event "26th EUR-ch"]
[Site "Katowice POL"]
[Date "2026.04.12"]
[Round "5.135"]
[White "Witczak, Borys"]
[Black "Suleymanli, Suleyman"]
[Result "0-1"]
[WhiteElo "2160"]
[BlackElo "2348"]
[EventDate "2026.04.07"]
[PlyCount "68"]

1.d4 Nf6 2.c4 e6 3.Nc3 Bb4 4.e3 b6 5.Bd2 Bb7 6.Nf3 O-O 7.Bd3 d6 8.O-O Nbd7
9.b3 e5 10.Bc2 Qe7 11.a3 Bxc3 12.Bxc3 Rfe8 13.b4 e4 14.Nd2 b5 15.a4 bxc4 
16.Nxc4 Bd5 17.Na3 Nf8 18.Rc1 Ng6 19.Bd2 Nh4 20.f4 exf3 21.gxf3 Qe6 22.e4 
Nxe4 23.fxe4 Qg6+ 24.Kf2 Qg2+ 25.Ke1 Bxe4 26.Be3 Nf3+ 27.Rxf3 Bxf3 28.Qd3 
Re4 29.Nc4 Rae8 30.Bd1 f6 31.d5 Rxc4 32.Rxc4 Qg1+ 33.Kd2 Qxd1+ 34.Kc3 Qe1+
0-1

[Event "26th EUR-ch"]
[Site "Katowice POL"]
[Date "2026.04.12"]
[Round "5.136"]
[White "Yeritsian, Hayk"]
[Black "Elci, Eren"]
[Result "1/2-1/2"]
[WhiteElo "2342"]
[BlackElo "2159"]
[EventDate "2026.04.07"]
[PlyCount "87"]

1.e4 c5 2.Nf3 Nc6 3.Bb5 Nf6 4.e5 Nd5 5.O-O Nc7 6.Bxc6 dxc6 7.d3 g6 8.Re1 
Bg7 9.h3 O-O 10.Nc3 Ne6 11.Ne4 b6 12.Be3 Nd4 13.Bxd4 cxd4 14.Qd2 c5 15.Qf4
h6 16.b3 Be6 17.Re2 Qd5 18.Rae1 Rac8 19.Ng3 Rc7 20.Re4 Qc6 21.R4e2 Qd5 22.
Nh2 Qd7 23.Qd2 b5 24.Re4 Bd5 25.Rh4 g5 26.Rh5 Rc6 27.Ng4 Rg6 28.f4 Be6 29.
Nh2 gxf4 30.Qxf4 f6 31.exf6 Rfxf6 32.Qh4 Qc7 33.Rhe5 Bc8 34.Ng4 Bxg4 35.
Rxe7 Qf4 36.hxg4 Qxg4 37.Qxg4 Rxg4 38.Ne4 Ra6 39.Ra1 c4 40.a4 h5 41.Nf2 
Rg5 42.Ne4 Rg4 43.Nf2 Rg5 44.Ne4 1/2-1/2

[Event "26th EUR-ch"]
[Site "Katowice POL"]
[Date "2026.04.12"]
[Round "5.137"]
[White "Kovalskyi, Roman"]
[Black "Dubnevych, Maksym"]
[Result "0-1"]
[WhiteElo "2159"]
[BlackElo "2341"]
[EventDate "2026.04.07"]
[PlyCount "120"]

1.e4 e5 2.Nf3 Nc6 3.Bc4 Nf6 4.d3 Be7 5.O-O O-O 6.Nc3 d6 7.a4 Bg4 8.h3 Bxf3
9.Qxf3 Nd4 10.Qd1 c6 11.f4 a6 12.fxe5 dxe5 13.a5 Ne8 14.Ne2 Bg5 15.Nxd4 
Qxd4+ 16.Kh2 Bxc1 17.Qxc1 Qd8 18.Rf3 Nd6 19.Bb3 Kh8 20.Qe3 Qc7 21.g4 f6 
22.Qc5 h6 23.Raf1 Qe7 24.h4 g6 25.h5 g5 26.c3 Kg7 27.Ba2 Rad8 28.b4 Rd7 
29.Kg2 Nb5 30.Qxe7+ Rxe7 31.Rc1 Rd8 32.Kf2 Rc7 33.Ke2 c5 34.Kd2 cxb4 35.
cxb4 Rxc1 36.Kxc1 Rd4 37.Bd5 Rxb4 38.Rf2 Nc3 39.Rc2 Nxd5 40.exd5 f5 41.
gxf5 Kf6 42.Kd2 Kxf5 43.Ke3 g4 44.Rc7 Rd4 45.Rxb7 Rxd5 46.Rb6 Kg5 47.Rxa6 
Kxh5 48.Ke4 Rd4+ 49.Kxe5 Rxd3 50.Ra8 Kh4 51.a6 h5 52.a7 Ra3 53.Kf4 g3 54.
Ke4 g2 55.Rg8 Kh3 56.Rg5 h4 57.a8=Q Rxa8 58.Kf3 Rf8+ 59.Ke2 Kh2 60.Rg4 
g1=Q 0-1

[Event "26th EUR-ch"]
[Site "Katowice POL"]
[Date "2026.04.12"]
[Round "5.138"]
[White "Rybackova, Lucie"]
[Black "Csiki, Endre"]
[Result "0-1"]
[WhiteElo "2157"]
[BlackElo "2339"]
[EventDate "2026.04.07"]
[PlyCount "60"]

1.e4 c5 2.Nf3 e6 3.d4 cxd4 4.Nxd4 a6 5.c4 Nf6 6.Nc3 Qc7 7.a3 b6 8.Be3 Bb7 
9.f3 Nc6 10.Rc1 Nxd4 11.Bxd4 Bd6 12.g3 h5 13.Qe2 Bc5 14.Bxc5 bxc5 15.Bg2 
h4 16.f4 hxg3 17.hxg3 Rxh1+ 18.Bxh1 O-O-O 19.Kf1 g5 20.Qf3 Rh8 21.Kg1 Nh5 
22.Ne2 gxf4 23.Nxf4 Qe5 24.Ne2 Nf6 25.Qf4 Rxh1+ 26.Kxh1 Qh5+ 27.Kg1 Qxe2 
28.Qf2 Qxe4 29.Qxc5+ Bc6 30.Qf8+ Kc7 0-1

[Event "26th EUR-ch"]
[Site "Katowice POL"]
[Date "2026.04.12"]
[Round "5.139"]
[White "Balinski, Damian"]
[Black "Papakonstantinou, Dimitrios"]
[Result "0-1"]
[WhiteElo "2154"]
[BlackElo "2338"]
[EventDate "2026.04.07"]
[PlyCount "62"]

1.d4 Nf6 2.Nf3 g6 3.e3 Bg7 4.Be2 O-O 5.O-O d6 6.b3 Nbd7 7.Bb2 b6 8.c4 Bb7 
9.Nc3 Ne4 10.Qc2 Nxc3 11.Bxc3 e5 12.dxe5 dxe5 13.Qb2 Qe7 14.Rad1 Rfe8 15.
b4 Nf8 16.Rd2 h5 17.Rfd1 g5 18.Ne1 g4 19.Nc2 Qg5 20.c5 h4 21.Bc4 h3 22.g3 
Bf3 23.Be2 Bxe2 24.Rxe2 Rad8 25.Red2 Rxd2 26.Rxd2 Ne6 27.c6 Qf6 28.Ne1 Ng5
29.f4 gxf3 30.Nd3 Ne4 31.Rc2 Qg5 0-1

[Event "26th EUR-ch"]
[Site "Katowice POL"]
[Date "2026.04.12"]
[Round "5.140"]
[White "Unat, Can Haktan"]
[Black "Tezcan, Alper"]
[Result "1-0"]
[WhiteElo "2333"]
[BlackElo "2122"]
[EventDate "2026.04.07"]
[PlyCount "119"]

1.e4 e5 2.d4 exd4 3.Qxd4 Nc6 4.Qd3 d5 5.exd5 Nb4 6.Qe2+ Qe7 7.Qxe7+ Bxe7 
8.Bb5+ Bd7 9.Bxd7+ Kxd7 10.Na3 Nxd5 11.Nc4 Bf6 12.Ne2 Re8 13.Ne3 Nxe3 14.
Bxe3 Ne7 15.O-O-O+ Kc8 16.Ng3 Nc6 17.Nh5 Be5 18.Rhe1 g6 19.Nf4 f5 20.h4 
Rhf8 21.Nd3 Bf6 22.Bg5 Bg7 23.Be3 Bf6 24.Bh6 Rg8 25.Bg5 Bg7 26.c3 h6 27.
Bd2 Bf6 28.Rh1 g5 29.hxg5 hxg5 30.Rh6 Bd8 31.Rh7 Rg6 32.g3 b6 33.Be3 Rf8 
34.b4 a6 35.a4 Rd6 36.a5 Re8 37.axb6 cxb6 38.Rf7 Bf6 39.Bxb6 Bxc3 40.Rc7+ 
Kb8 41.Nc5 Bd2+ 42.Rxd2 Re1+ 43.Kb2 Rxd2+ 44.Kc3 Rd6 45.Nxa6+ Ka8 46.b5 
Rc1+ 47.Kb2 Rdd1 48.Be3 Rb1+ 49.Kc3 Rxb5 50.Rxc6 Rd7 51.Nc5 Rg7 52.Bd4 Re7
53.Rf6 f4 54.gxf4 gxf4 55.Rf8+ Rb8 56.Rxf4 Re1 57.Kd2 Re7 58.Rf6 Rd8 59.
Kc3 Ra7 60.f4 1-0

[Event "26th EUR-ch"]
[Site "Katowice POL"]
[Date "2026.04.12"]
[Round "5.141"]
[White "Lorscheid, Gerhard"]
[Black "Bracker, Frank"]
[Result "1/2-1/2"]
[WhiteElo "2150"]
[BlackElo "2332"]
[EventDate "2026.04.07"]
[PlyCount "136"]

1.d4 Nf6 2.c4 e6 3.Nf3 b6 4.Nc3 Bb4 5.Qb3 c5 6.Bg5 h6 7.Bxf6 Qxf6 8.e3 Nc6
9.a3 Ba5 10.Rd1 cxd4 11.exd4 Ba6 12.Qc2 Bxc3+ 13.Qxc3 Rc8 14.b4 Ne7 15.Qb3
Bb7 16.Be2 Bxf3 17.Bxf3 Nf5 18.Qd3 Nh4 19.Be4 O-O 20.O-O Rc7 21.g3 Ng6 22.
Bxg6 Qxg6 23.Qxg6 fxg6 24.c5 Rf3 25.Ra1 d6 26.Kg2 Rf5 27.cxd6 Rd7 28.Rfc1 
Rd5 29.Rc7 R5xd6 30.Rxd7 Rxd7 31.Rd1 Kf7 32.Kf3 Ke7 33.Ke4 Rc7 34.Kd3 g5 
35.a4 Kd6 36.h3 Rf7 37.Ke3 h5 38.f3 Rc7 39.Kd3 Ke7 40.b5 Kf6 41.Ra1 h4 42.
gxh4 gxh4 43.a5 Kf5 44.axb6 axb6 45.Re1 Ra7 46.Re5+ Kf6 47.Rh5 g5 48.Ke4 
Kg6 49.Rh8 Ra5 50.Ke5 Kf7 51.Rh7+ Kg6 52.Rh8 Kg7 53.Rc8 Rxb5+ 54.Kxe6 Rb3 
55.d5 Re3+ 56.Kf5 Rxf3+ 57.Kxg5 Rxh3 58.Rc7+ Kf8 59.Rb7 Rg3+ 60.Kf6 Rf3+ 
61.Ke6 Re3+ 62.Kf6 Rf3+ 63.Ke6 h3 64.Rxb6 Rf1 65.Rb8+ Kg7 66.Rb2 Rf6+ 67.
Ke7 Rf5 68.d6 Re5+ 1/2-1/2

[Event "26th EUR-ch"]
[Site "Katowice POL"]
[Date "2026.04.12"]
[Round "5.142"]
[White "Zareba, Piotr"]
[Black "Lewtak, Damian"]
[Result "1/2-1/2"]
[WhiteElo "2143"]
[BlackElo "2331"]
[EventDate "2026.04.07"]
[PlyCount "238"]

1.e4 d6 2.d4 g6 3.Nc3 Bg7 4.Be3 a6 5.Qd2 Nd7 6.h4 h5 7.f4 Nh6 8.Nf3 Nf6 9.
O-O-O d5 10.exd5 Bf5 11.Ne5 b5 12.Kb1 b4 13.Na4 Nxd5 14.Nc5 Qb8 15.Ka1 Qc8
16.Bc4 c6 17.Bxd5 cxd5 18.Qxb4 O-O 19.Qa4 Ng4 20.Rde1 Bxe5 21.fxe5 Qc7 22.
Rhf1 Ra7 23.Bd2 Rb8 24.Rf3 Rb5 25.Nb3 Qc4 26.Qxc4 dxc4 27.Nc5 Bxc2 28.Rc3 
Bd3 29.b3 Rb8 30.bxc4 Bf5 31.Ra3 Rd8 32.Bc3 Nf2 33.d5 Rc8 34.Bd4 Ng4 35.d6
a5 36.Na4 Rb7 37.Nb6 Rc6 38.Rxa5 f6 39.exf6 exd6 40.Nd5 Rxc4 41.Bc3 Be4 
42.Bb2 Kf7 43.Nc3 Rxc3 44.Bxc3 Ne3 45.a4 Nc2+ 46.Ka2 Nxe1 47.Bxe1 Bxg2 48.
Bc3 Bc6 49.Ra8 Bd5+ 50.Ka1 Rc7 51.Ba5 Rc4 52.Ra7+ Kxf6 53.Kb2 Ke5 54.Bd8 
Rc8 55.Be7 Bc6 56.a5 d5 57.Bg5 d4 58.Re7+ Kd5 59.a6 Rb8+ 60.Kc1 Rb4 61.a7 
Ra4 62.Rc7 Ba8 63.Kc2 Ra6 64.Rd7+ Ke5 65.Kb2 Bc6 66.Rc7 Be4 67.Re7+ Kd5 
68.Rc7 Rb6+ 69.Kc1 Rb1+ 70.Kd2 Rb2+ 71.Kc1 Ra2 72.Rd7+ Kc4 73.Bf6 Bd5 74.
Kb1 Ra6 75.Bg5 Be4+ 76.Kb2 Rb6+ 77.Ka3 Bd5 78.Rc7+ Kd3 79.Rd7 Ba8 80.Rd8 
Ra6+ 81.Kb4 Rxa7 82.Bf6 Rf7 83.Rxd4+ Ke3 84.Rd6 Be4 85.Bg5+ Ke2 86.Kc3 Bf5
87.Kd4 Kf3 88.Rb6 Ra7 89.Rb4 Ra5 90.Bf6 Be6 91.Kc3 Rd5 92.Rd4 Rc5+ 93.Kb4 
Rc6 94.Rd3+ Ke4 95.Rd4+ Ke3 96.Rd8 Rc4+ 97.Kb5 Re4 98.Kc5 Bf5 99.Rd4 Re6 
100.Bg5+ Kf3 101.Rb4 Be4 102.Bd8 Rc6+ 103.Kb5 Rd6 104.Be7 Rd7 105.Bf6 Rc7 
106.Bg5 Bd3+ 107.Kb6 Rc8 108.Rd4 Be4 109.Kb5 Re8 110.Kb4 Kg4 111.Kc3 Re5 
112.Bf6 Re6 113.Bg5 Kf3 114.Bd8 Re5 115.Bf6 Rf5 116.Be7 Ke3 117.Rb4 Re5 
118.Bf6 Rf5 119.Be7 Rd5 1/2-1/2

[Event "26th EUR-ch"]
[Site "Katowice POL"]
[Date "2026.04.12"]
[Round "5.143"]
[White "Basdar, Atakan"]
[Black "Baerwinkel, Tobias"]
[Result "0-1"]
[WhiteElo "2125"]
[BlackElo "2323"]
[EventDate "2026.04.07"]
[PlyCount "166"]

1.e4 e6 2.d4 d5 3.exd5 exd5 4.Bd3 c5 5.c3 c4 6.Bc2 Nf6 7.Nf3 Bd6 8.O-O O-O
9.Bg5 h6 10.Bh4 Re8 11.Nbd2 Nc6 12.b3 cxb3 13.axb3 Bg4 14.Re1 g5 15.Bg3 
Bxg3 16.hxg3 Qc7 17.Nf1 Bh5 18.Ne3 Bg6 19.Bxg6 fxg6 20.Qd3 Kg7 21.Re2 Re7 
22.Rae1 Rae8 23.c4 Nb4 24.Qd2 a5 25.Ne5 dxc4 26.bxc4 Nc6 27.Nxc6 bxc6 28.
d5 cxd5 29.cxd5 Qc5 30.Ra1 Ra7 31.Qb2 Kf7 32.Rc2 Qd6 33.Qd4 Ree7 34.Rc6 
Qe5 35.Qxe5 Rxe5 36.Rc5 a4 37.Kf1 Ne4 38.Rc6 Nxg3+ 39.Ke1 Nf5 40.Rc4 Nxe3 
41.fxe3 Rxe3+ 42.Kf2 Rd3 43.Raxa4 Rxa4 44.Rxa4 Rxd5 45.Ra6 h5 46.Kg3 Re5 
47.Rb6 Re6 48.Rb1 Re3+ 49.Kf2 Rd3 50.Rb6 g4 51.g3 Rf3+ 52.Kg2 Rf5 53.Ra6 
Kg7 54.Ra7+ Kf6 55.Ra6+ Kg5 56.Rb6 Rd5 57.Rb2 Kf5 58.Rf2+ Ke4 59.Re2+ Kf5 
60.Rf2+ Ke6 61.Rf8 Rd2+ 62.Kg1 Ke5 63.Rf4 Rd4 64.Rf8 Ke4 65.Kg2 Rd2+ 66.
Kg1 g5 67.Ra8 h4 68.Rf8 Rd3 69.Kh2 Rxg3 70.Rf2 Re3 71.Rf1 Re2+ 72.Kh1 g3 
73.Ra1 Kf3 74.Rf1+ Kg4 75.Ra1 Kh3 76.Rb1 Rf2 77.Kg1 Kg4 78.Kh1 h3 79.Rb4+ 
Rf4 80.Rb1 g2+ 81.Kh2 Rf1 82.Rb4+ Kh5 83.Kxh3 g1=R 0-1

[Event "26th EUR-ch"]
[Site "Katowice POL"]
[Date "2026.04.12"]
[Round "5.144"]
[White "Rzap, Filip"]
[Black "Warchol, Kamil"]
[Result "1/2-1/2"]
[WhiteElo "2121"]
[BlackElo "2322"]
[EventDate "2026.04.07"]
[PlyCount "49"]

1.d4 Nf6 2.c4 e6 3.Nf3 d5 4.Nc3 c6 5.e3 Nbd7 6.Qc2 Bd6 7.Bd3 O-O 8.O-O 
dxc4 9.Bxc4 b5 10.Be2 Bb7 11.e4 e5 12.Bg5 Re8 13.Rad1 h6 14.Bh4 exd4 15.
Rxd4 Qb8 16.Rfd1 Re6 17.Bg3 Bxg3 18.hxg3 Qe8 19.b4 a6 20.Qd2 c5 21.bxc5 
Nxc5 22.e5 Nfe4 23.Nxe4 Nxe4 24.Qa5 Qc6 25.Rd8+ 1/2-1/2

[Event "26th EUR-ch"]
[Site "Katowice POL"]
[Date "2026.04.12"]
[Round "5.145"]
[White "Yilmaz, Baver"]
[Black "Gbiorczyk, Mikolaj"]
[Result "1/2-1/2"]
[WhiteElo "2321"]
[BlackElo "2116"]
[EventDate "2026.04.07"]
[PlyCount "120"]

1.e4 e5 2.Nf3 Nc6 3.Bb5 a6 4.Ba4 Nf6 5.O-O Be7 6.Re1 b5 7.Bb3 d6 8.c3 O-O 
9.h3 Nb8 10.d4 Nbd7 11.Nbd2 Bb7 12.Bc2 Re8 13.Nf1 Bf8 14.Ng3 g6 15.a4 c5 
16.d5 c4 17.Be3 Qc7 18.Qd2 Nc5 19.a5 Bc8 20.Rf1 Bg7 21.Ng5 Nfd7 22.h4 f6 
23.Nh3 Nf8 24.Kh2 Bxh3 25.Kxh3 Qc8+ 26.Kh2 h5 27.f3 Rb8 28.Qe2 Nfd7 29.Nh1
Kf7 30.Nf2 Ke7 31.Rg1 Rh8 32.g4 hxg4 33.Rxg4 Bh6 34.Rag1 Bf4+ 35.Bxf4 exf4
36.Rxg6 Rxh4+ 37.Kg2 Qh8 38.Kf1 Re8 39.R6g4 Ne5 40.Rg7+ Kd8 41.R7g2 Qh5 
42.Bd1 Nb3 43.Ng4 Nxg4 44.fxg4 Qh7 45.Bc2 Rh3 46.Qf2 f3 47.Qb6+ Qc7 48.Rf2
Nc5 49.g5 fxg5 50.Rxg5 Nd3 51.Bxd3 Qxb6 52.axb6 cxd3 53.Ke1 Rxe4+ 54.Kd2 
Kc8 55.Kxd3 Re7 56.Rg6 Rd7 57.Rf6 Kb7 58.R6xf3 Rxf3+ 59.Rxf3 Kxb6 60.b4 a5
1/2-1/2

[Event "26th EUR-ch"]
[Site "Katowice POL"]
[Date "2026.04.12"]
[Round "5.146"]
[White "Zeissel, Andrzej"]
[Black "Kucza, Karol"]
[Result "0-1"]
[WhiteElo "2117"]
[BlackElo "2319"]
[EventDate "2026.04.07"]
[PlyCount "114"]

1.d4 d5 2.c4 e6 3.Nc3 Nf6 4.cxd5 exd5 5.Bg5 c6 6.e3 Bf5 7.Bd3 Bxd3 8.Qxd3 
Nbd7 9.Nge2 Bd6 10.f3 Qa5 11.O-O O-O 12.Bxf6 Nxf6 13.e4 Bb4 14.e5 Nd7 15.
f4 Bxc3 16.bxc3 Qa6 17.Qd2 f6 18.Rf3 fxe5 19.fxe5 Rxf3 20.gxf3 Rf8 21.f4 
c5 22.dxc5 Qg6+ 23.Ng3 Qc6 24.Rd1 Qxc5+ 25.Kg2 Nb6 26.Qd4 Qxd4 27.Rxd4 g6 
28.Nf1 Rc8 29.Ne3 Rc5 30.f5 gxf5 31.e6 Rc6 32.e7 Kf7 33.Nxf5 Rf6 34.Ne3 
Kxe7 35.Nxd5+ Nxd5 36.Rxd5 Ra6 37.Rd2 Ra3 38.Rc2 Kd6 39.Kf3 Kc5 40.Ke4 Kc4
41.Rg2 b5 42.h4 a5 43.h5 Rxc3 44.Kf5 Rh3 45.Kg5 b4 46.Kh6 a4 47.Rg7 Rh2 
48.Rg4+ Kc3 49.a3 bxa3 50.Rxa4 Kb3 51.Ra7 a2 52.Rb7+ Kc2 53.Ra7 Kb1 54.
Rb7+ Rb2 55.Ra7 Rb5 56.Kxh7 Rxh5+ 57.Kg6 Rb5 0-1

[Event "26th EUR-ch"]
[Site "Katowice POL"]
[Date "2026.04.12"]
[Round "5.147"]
[White "Hury, Tymoteusz"]
[Black "Diachek, Andrii"]
[Result "1/2-1/2"]
[WhiteElo "2115"]
[BlackElo "2309"]
[EventDate "2026.04.07"]
[PlyCount "82"]

1.e4 c5 2.Nf3 Nc6 3.Bb5 g6 4.Bxc6 bxc6 5.O-O Bg7 6.Re1 Qc7 7.c3 d6 8.d4 
cxd4 9.cxd4 Nf6 10.Nc3 O-O 11.h3 c5 12.e5 dxe5 13.dxe5 Rd8 14.Qa4 Nh5 15.
Be3 Bb7 16.Qg4 Bxf3 17.Qxf3 Bxe5 18.Nd5 Qd6 19.Rad1 Kg7 20.Bg5 Bd4 21.Nxe7
Re8 22.Nd5 f6 23.Be3 f5 24.b4 Rad8 25.Nf4 Nxf4 26.Bxf4 Rxe1+ 27.Rxe1 Qd5 
28.Qxd5 Rxd5 29.bxc5 Bxc5 30.Be3 Bxe3 31.Rxe3 Ra5 32.a3 f4 33.Rb3 Kf6 34.
g3 fxg3 35.fxg3 h5 36.Kf2 Kg5 37.h4+ Kg4 38.Kg2 Rc5 39.Rb4+ Kf5 40.a4 a5 
41.Rb6 Rc2+ 1/2-1/2

[Event "26th EUR-ch"]
[Site "Katowice POL"]
[Date "2026.04.12"]
[Round "5.148"]
[White "Blanquet, Camille"]
[Black "Sapocinic, Semion"]
[Result "1/2-1/2"]
[WhiteElo "2107"]
[BlackElo "2307"]
[EventDate "2026.04.07"]
[PlyCount "60"]

1.d4 Nf6 2.c4 e6 3.Nc3 d5 4.Bg5 Be7 5.cxd5 exd5 6.e3 c6 7.Bd3 O-O 8.Nf3 h6
9.Bf4 Bd6 10.Ne5 Qe7 11.O-O Nbd7 12.Nf3 Re8 13.Qc2 Nf8 14.Bxd6 Qxd6 15.Ne5
N6d7 16.f4 f6 17.Nxd7 Bxd7 18.Rf3 Kh8 19.Qf2 Re7 20.f5 Rae8 21.Ne2 c5 22.
Nf4 a6 23.h4 cxd4 24.exd4 Bb5 25.Bc2 a5 26.Rc3 b6 27.Rc1 a4 28.Bb1 Bc4 29.
b3 axb3 30.axb3 Bb5 1/2-1/2

[Event "26th EUR-ch"]
[Site "Katowice POL"]
[Date "2026.04.12"]
[Round "5.149"]
[White "Szente Varga, Fruzsina"]
[Black "Vasynda, Oleksandr"]
[Result "1/2-1/2"]
[WhiteElo "2078"]
[BlackElo "2306"]
[EventDate "2026.04.07"]
[PlyCount "161"]

1.e4 c5 2.Nf3 d6 3.d4 cxd4 4.Nxd4 Nf6 5.Nc3 a6 6.Rg1 e5 7.Nb3 Be6 8.g4 Nc6
9.g5 Nd7 10.Be3 Rc8 11.Qf3 Nb4 12.Qd1 Nb6 13.a3 Nc6 14.Nd2 Na5 15.Qf3 d5 
16.exd5 Nxd5 17.Nxd5 Bxd5 18.Qf5 Be6 19.Qe4 Qc7 20.Bd3 g6 21.Qf3 Bg7 22.
Ne4 Bf5 23.Nf6+ Bxf6 24.Bxf5 gxf5 25.gxf6 Qxc2 26.Qd5 Qc7 27.Rc1 Nc6 28.
Rg7 Rd8 29.Qc4 Qd7 30.f4 exf4 31.Bxf4 Qd5 32.Qxd5 Rxd5 33.Rd1 Rxd1+ 34.
Kxd1 Nd4 35.Rg3 Ne6 36.Be5 Kd7 37.Ke2 Rc8 38.Bc3 Rc4 39.Kf2 Rh4 40.Rd3+ 
Kc6 41.Be5 Re4 42.Rd6+ Kc5 43.Rxe6 Kd5 44.Re7 Rxe5 45.Rxb7 Re6 46.Rxf7 Ke5
47.Kf3 Rb6 48.b4 h6 49.Rf8 Rc6 50.Rh8 Rxf6 51.Re8+ Kd4 52.Kf4 Kc4 53.Ke5 
Rb6 54.Kxf5 Kb3 55.Re3+ Ka4 56.h4 Rb5+ 57.Kg6 Rb6+ 58.Kh5 Rd6 59.Rg3 Rd4 
60.Rh3 Rd6 61.Kg4 Rd5 62.Rf3 h5+ 63.Kf4 Rb5 64.Rg3 Rd5 65.Rg5 Rb5 66.Rg6 
Kxa3 67.Rxa6+ Kxb4 68.Rg6 Kc3 69.Rg5 Rb4+ 70.Kg3 Kd4 71.Rxh5 Ke4 72.Rg5 
Rb1 73.Kg4 Rg1+ 74.Kh5 Rh1 75.Rg8 Kf5 76.Rf8+ Ke6 77.Kg5 Ke7 78.Rf2 Rg1+ 
79.Kh6 Rh1 80.h5 Rg1 81.Kh7 1/2-1/2

[Event "26th EUR-ch"]
[Site "Katowice POL"]
[Date "2026.04.12"]
[Round "5.150"]
[White "Balaji, Aaravamudhan"]
[Black "Hasson Schrager, Shalev"]
[Result "1-0"]
[WhiteElo "2301"]
[BlackElo "2110"]
[EventDate "2026.04.07"]
[PlyCount "49"]

1.d4 Nf6 2.c4 g6 3.Nc3 d5 4.cxd5 Nxd5 5.e4 Nxc3 6.bxc3 Bg7 7.Bc4 c5 8.Ne2 
O-O 9.O-O Nc6 10.Be3 Bg4 11.f3 Bd7 12.Rb1 cxd4 13.cxd4 a6 14.h4 h5 15.Qd2 
b5 16.Bd3 Qa5 17.Qxa5 Nxa5 18.Bg5 e6 19.e5 Rfc8 20.g4 Nc6 21.gxh5 gxh5 22.
Kf2 Kf8 23.Rg1 Ne7 24.Bxe7+ Kxe7 25.Rxg7 1-0

[Event "26th EUR-ch"]
[Site "Katowice POL"]
[Date "2026.04.12"]
[Round "5.151"]
[White "Noy, Eyal"]
[Black "Ghazarian, Raffi"]
[Result "1-0"]
[WhiteElo "2300"]
[BlackElo "2079"]
[EventDate "2026.04.07"]
[PlyCount "119"]

1.d4 Nf6 2.c4 e6 3.Nf3 d5 4.g3 Be7 5.Bg2 O-O 6.O-O dxc4 7.Ne5 Nc6 8.Bxc6 
bxc6 9.Nxc6 Qe8 10.Nxe7+ Qxe7 11.Qc2 e5 12.dxe5 Qxe5 13.Bf4 Qh5 14.Nc3 Be6
15.f3 Qc5+ 16.Kg2 Rad8 17.Rad1 h6 18.Qc1 Nd5 19.Nxd5 Rxd5 20.Rxd5 Bxd5 21.
Rd1 Re8 22.e4 Be6 23.g4 Qa5 24.a3 Qa4 25.Bxc7 c3 26.bxc3 Qc4 27.Bg3 Rc8 
28.Be1 h5 29.h3 hxg4 30.hxg4 Qe2+ 31.Kg3 Bb3 32.Rd6 Be6 33.Qd2 Qf1 34.Bf2 
a6 35.Qd3 Qa1 36.Qxa6 Qxc3 37.Qd3 Qe5+ 38.f4 Qa5 39.Ra6 Rc3 40.Rxa5 Rxd3+ 
41.Kh4 Rf3 42.Bg3 Rf1 43.f5 Bc4 44.e5 Rg1 45.Rc5 Bd3 46.Rc8+ Kh7 47.e6 
fxe6 48.fxe6 g5+ 49.Kxg5 Rxg3 50.Rc3 Kg7 51.a4 Rf3 52.a5 Kf8 53.a6 Ke7 54.
a7 Be4 55.Rxf3 Bxf3 56.Kf4 Bg2 57.Ke5 Bf3 58.g5 Bc6 59.g6 Kf8 60.Kd6 1-0

[Event "26th EUR-ch"]
[Site "Katowice POL"]
[Date "2026.04.12"]
[Round "5.152"]
[White "Sprzeczka, Emilia"]
[Black "Heimisson, Hilmir Freyr"]
[Result "0-1"]
[WhiteElo "2066"]
[BlackElo "2297"]
[EventDate "2026.04.07"]
[PlyCount "154"]

1.e4 e6 2.d4 d5 3.Nc3 Nf6 4.e5 Nfd7 5.f4 c5 6.Nf3 Nc6 7.Be3 Rb8 8.Qd2 Qa5 
9.Be2 b5 10.O-O b4 11.Nd1 Be7 12.Nf2 O-O 13.dxc5 Nxc5 14.Nd4 Nxd4 15.Bxd4 
Ba6 16.Kh1 Rfc8 17.Bxc5 Rxc5 18.Nd3 Rc6 19.f5 exf5 20.Rxf5 Bc8 21.Rf2 Qc7 
22.Bh5 Be6 23.Raf1 g6 24.Bf3 Rc4 25.Re2 Rc8 26.Rc1 Qd8 27.b3 Bg5 28.Qe1 
Rc3 29.Rd1 a5 30.Qf2 d4 31.Ne1 Be3 32.Qg3 Bf5 33.h3 Qe7 34.Bg4 Bxc2 35.
Nxc2 Rxc2 36.Rxe3 dxe3 37.Bxc8 e2 38.Re1 Rxc8 39.Rxe2 Rc1+ 40.Kh2 Qc5 41.
Rf2 Re1 42.Qf4 Qxe5 43.Qxe5 Rxe5 44.Rc2 Kg7 45.Kg3 h5 46.Kf4 Rf5+ 47.Ke4 
h4 48.Ke3 Kh6 49.Rc4 Kg5 50.Rc8 Re5+ 51.Kf3 f6 52.Rc6 Kf5 53.Rc2 Rd5 54.
Ke3 g5 55.Rc4 Ke6 56.Rc6+ Ke5 57.Rc8 Kd6 58.Rd8+ Kc5 59.Rc8+ Kb6 60.Rb8+ 
Kc7 61.Rf8 Rf5 62.Rf7+ Kd6 63.Ra7 Rc5 64.Ra6+ Ke5 65.Kd2 f5 66.Ke3 Rc3+ 
67.Kd2 Kf4 68.Rxa5 Rg3 69.Rb5 Rxg2+ 70.Ke1 Rxa2 71.Rxb4+ Kg3 72.Rb5 Kxh3 
73.Rxf5 g4 74.b4 g3 75.Rf3 Rb2 76.Kf1 Rb1+ 77.Ke2 Kg2 0-1

[Event "26th EUR-ch"]
[Site "Katowice POL"]
[Date "2026.04.12"]
[Round "5.153"]
[White "Bendayan Claros, Aaron"]
[Black "Levytskyi, Liubomyr"]
[Result "1-0"]
[WhiteElo "2296"]
[BlackElo "1959"]
[EventDate "2026.04.07"]
[PlyCount "145"]

1.d4 d5 2.c4 e6 3.Nf3 Nf6 4.Nc3 Nbd7 5.Qc2 c5 6.cxd5 Nxd5 7.Nxd5 exd5 8.e3
Bd6 9.b3 cxd4 10.Nxd4 O-O 11.Bd3 h6 12.O-O Ne5 13.Bh7+ Kh8 14.Bf5 Bd7 15.
Bb2 Rc8 16.Qe2 Re8 17.Rad1 Kg8 18.h3 Bxf5 19.Nxf5 Bf8 20.Qb5 Qf6 21.Nd4 
Red8 22.Qxb7 Rb8 23.Qc7 Bd6 24.Qc2 Rdc8 25.Qe2 Qg6 26.Rc1 Nd3 27.Rcd1 Nb4 
28.Ba1 Rc5 29.a3 Nc2 30.b4 Rc4 31.Nxc2 Rxc2 32.Qd3 Qxd3 33.Rxd3 Rb5 34.Bc3
Ra2 35.Bd2 Kf8 36.g4 Ke7 37.Kg2 Ke6 38.Kf3 a5 39.bxa5 Bxa3 40.Rd1 Bb4 41.
Bxb4 Rxb4 42.Rxd5 Rbb2 43.Ke4 Rb4+ 44.Kf3 Rbb2 45.Ke4 Rb4+ 46.R5d4 Rxd4+ 
47.exd4 Re2+ 48.Kd3 Ra2 49.Re1+ Kd6 50.Re5 f6 51.Rf5 Ra3+ 52.Ke4 Rxh3 53.
Rb5 Ra3 54.f4 Ra1 55.Kf5 Ra4 56.Ke4 Kc6 57.Rc5+ Kd6 58.f5 Ra1 59.Rb5 Kc6 
60.Rb6+ Kc7 61.Re6 Rxa5 62.Re7+ Kd6 63.Rxg7 Ra1 64.Rf7 Re1+ 65.Kf3 Rh1 66.
Rxf6+ Kd5 67.Kf4 Kxd4 68.Rd6+ Kc5 69.Rd2 Rg1 70.f6 Kc6 71.Kf5 Kc7 72.Rd4 
Kc6 73.f7 1-0